| 000 | 03625nam0a2200385 4500 | ||
|---|---|---|---|
| 001 | RU\NLR\BIBL_A\016240870 | ||
| 005 | 20250319151309.0 | ||
| 010 |
_a978-5-7417-0812-5 _930 |
||
| 021 |
_aRU _bКН-П-22-083023 _9КН-П-22-7311 |
||
| 035 | _a(NLR Aleph) 016240870 | ||
| 035 | _a(RuMoRGB)011402594 | ||
| 090 |
_a13313160 _c13313160 |
||
| 100 | _a20221216d2022 u y0rusy50 ca | ||
| 101 | 0 | _arus | |
| 102 | _aRU | ||
| 105 | _aa z 001zy | ||
| 181 | 0 |
_ai _baxxe |
|
| 182 | 0 | _an | |
| 200 | 1 |
_aБазовые понятия газовой динамики. Одномерные и плоские течения (семинары по прикладной газовой динамике) _eучебное пособие _fВ. В. Власенко, Е. В. Карпов, С. Бахнэ _gМинистерство науки и высшего образования Российской Федерации, Федеральное государственное автономное образовательное учреждение высшего образования "Московский физико-технический институт (национальный исследовательский университет)", Физтех-школа аэрокосмических технологий, Институт аэромеханики и летательной техники |
|
| 203 |
_aТекст _bвизуальный _cнепосредственный |
||
| 210 |
_aМосква _cМФТИ _d2022 |
||
| 215 |
_a85, [1] с. _cил. _d21 |
||
| 320 | _aБиблиогр.: с. 86 (13 назв.) | ||
| 320 | _aАлф. указ.: с. 85 | ||
| 330 | _aПособие является приложением к лекциям по прикладной газовой динамике, читаемым в Институте аэромеханики и летательной техники Физтех-школы аэрокосмических технологий МФТИ. Цель пособия - более качественное усвоение студентами лекционного материала и развитие навыков применения полученных теоретических знаний в практических приложениях. Приведены основные теоретические сведения из газовой динамики, необходимые для решения практических задач. Вводятся базовые понятия газовой динамики, которые затем применяются к рассмотрению классических одномерных и плоских течений. По каждой теме предлагаются задачи для самостоятельного решения. Приводится справочный материал в табличном и графическом виде | ||
| 606 | 1 |
_aГазодинамика _jУчебные издания для высших учебных заведений _91083837 _3RU\NLR\AUTH\66105145 |
|
| 675 |
_a533.6(075.8) _v4 |
||
| 686 | 1 | _aВ253.33я73-1 | |
| 700 | 1 |
_aВласенко _bВ. В. _gВладимир Викторович |
|
| 701 | 1 |
_aКарпов _bЕ. В. _cканд. техн. наук, аэродинамика _gЕвгений Владимирович _9252569 _3RU\NLR\AUTH\770252625 |
|
| 701 | 1 |
_aБахнэ _bС. _gСергей |
|
| 942 | _cBOOK | ||
| 980 | _aNB | ||